| 000 | 01832nam a2200277 a 4500 | ||
|---|---|---|---|
| 999 |
_c1483 _d1483 |
||
| 001 | 1255282 | ||
| 003 | CoMeUDC | ||
| 005 | 20220131175726.0 | ||
| 008 | 110126s2010 ck gr 00010 spa d | ||
| 020 | _a9588336558 | ||
| 040 |
_aCO-BoBLA _bspa _cCO-UdeC |
||
| 082 |
_a345.12 _bE74 |
||
| 100 |
_aEscobar Vélez, Edgar Guillermo _91791 |
||
| 245 | 1 | 0 |
_aPrescripción y procesos de pertenencia / _cEdgar Guillermo Escobar Vélez. |
| 250 | _a5a. edición. | ||
| 260 |
_aMedellín : _bLibrería Jurídica Sánchez, _c2010. |
||
| 300 |
_a334 p. ; _c24 cm. |
||
| 504 | _aIncluye bibliografía. | ||
| 505 | _aGeneralidades sobre la prescripción -- La prescripción adquisitiva en nuestro derecho -- En el derecho colombiano no existe una posesión inscrita clases de prescripción. Particularidades de ellas -- Los procesos declarativos de pertenencia -- El proceso ordinario de mayor cuantía, regulado por el artículo 407 del C. de P. Civil -- Proceso ordinario de declaración de pertenencia ante jueces agrarios -- Proceso declarativo para el saneamiento de la pequeña propiedad agraria -- El proceso especial declarativo regulado en la ley 1182 del 8 de enero de 2008 -- Proceso abreviado para impetrar declaración de pertenencia respecto de soluciones de vivienda de interés social -- Jurisprudencias de la corte suprema de justicia y los tribunales superiores de distrito -- Modelos de demanda y de contestación de demanda -- Comentarios de la superintendencia de notariado y registro y de la corte sobre el certificado que deben expedir los registradores | ||
| 650 | 0 |
_aPrescripción (Derecho) _z Colombia. _91946 |
|
| 650 | 0 |
_aDerecho penal. _9835 |
|
| 650 | 0 |
_aPosesion (Derecho) _z Colombia. _9869 |
|
| 650 | 0 |
_aPosesión ilegal _z Colombia. _91948 |
|
| 650 | 0 |
_aPertenencia (Derecho) _91947 |
|
| 942 |
_2ddc _cBK |
||